000 01262nam a2200337 i 4500
005 20220317001431.0
007 ta
008 210826r20082018mx a jr 001 0 spa d
020 _a9789682482618
040 _aCO-BoRNBP
_bspa
_cCO-BoRNBP
_erda
041 0 _aspa
082 0 4 _a616.0252
_bE57m
_222
100 1 _aEnríquez-Rubio Acevedo, Soledad
_eautora
245 1 0 _aManual práctico de primeros auxilios
_cSoledad Enríquez-Rubio Acevedo, Alfredo Macías Narro
250 _aPrimera edición
_bReimpresión
264 1 _aMéxico
_bEditorial Trillas
_c2008
_c2018
300 _a125 páginas
_bilustraciones
_c23 cm
336 _atexto
_btxt
_2rdacontent
337 _asin mediación
_bn
_2rdamedia
338 _avolumen
_bnc
_2rdacarrier
500 _aIncluye índice analítico al final del texto
504 _aIncluye referencias bibliográficas
521 _aRecomendado para un público mayor de 15 años
545 _aIncluye datos biográficos de la autora en la contraportada del texto
650 1 7 _aPrimeros auxilios
_xManuales
_2LEMB
650 1 7 _aUrgencias medicas
_xManuales
_2LEMB
650 1 7 _aAccidentes
_vManuales
_2LEMB
650 1 7 _aAhogados
_xSalvamento
_vManuales
_2LEMB
700 1 _aMacías Narro, Alfredo
_eautor
_972788
942 _2ddc
_cBK
999 _c6967
_d6967